Iniciación al ejercicio de la abogacía.
Guardat en:
| Autor principal: | |
|---|---|
| Format: | Llibre |
| Idioma: | espanyol |
| Publicat: |
Madrid, España
Reus
1952
|
| Matèries: | |
| Etiquetes: |
Afegir etiqueta
Sense etiquetes, Sigues el primer a etiquetar aquest registre!
|
MARC
| LEADER | 00000nam a2200000 a 4500 | ||
|---|---|---|---|
| 001 | UCI1930 | ||
| 003 | CL-VaPUC | ||
| 005 | 20220725152655.0 | ||
| 008 | 070727e19520000SP |||||||||||||||||spa|d | ||
| 999 | |c 326618 |d 326616 | ||
| 040 | |c Pontificia Universidad Católica de Valparaíso | ||
| 082 | 0 | 4 | |a 340.023 COL 1952 |2 21 |
| 100 | 0 | |a Collignon, Theo |9 522746 | |
| 245 | 1 | 0 | |a Iniciación al ejercicio de la abogacía. |
| 260 | 0 | 3 | |a Madrid, España |b Reus |c 1952 |
| 300 | |a 226 páginas. | ||
| 583 | |a last modification |c 20070727 00:00:00 |k Rodrigo Vera | ||
| 650 | 0 | |a Abogados |9 256284 | |
| 650 | 0 | |a Oratoria jurídica |9 395115 | |
| 650 | 7 | |a RESPONSABILIDAD DEL ABOGADO |2 CL-VaPUC |9 380688 | |
| 650 | 7 | |a ETICA PROFESIONAL DEL ABOGADO |2 CL-VaPUC |9 380739 | |
| 650 | 0 | |a Jurisprudencia |9 255952 | |
| 650 | 0 | |a Filosofía del derecho |9 255050 | |
| 650 | 0 | |a Teoría del derecho |9 255982 | |
| 942 | |c BK |2 ddc | ||
| 945 | |d 20070727 00:00:00 |a rbrito | ||
| 952 | |0 0 |1 0 |2 ddc |4 0 |6 340_023000000000000_COL_1952 |7 0 |8 A |9 408642 |a BIBDER |b BIBDER |d 2019-11-22 |i 4122631 |o 340.023 COL 1952 |p 4122631 |r 2023-01-25 |t 1 |w 2019-11-22 |y BK |k DER | ||